| 000 | 00960cam a2200265 a 4500 | ||
|---|---|---|---|
| 001 | 12727272 | ||
| 005 | 20250203195146.0 | ||
| 008 | 020402s2003 maua 001 0 eng | ||
| 020 | _a0072488263 (alk. paper) | ||
| 050 | 0 | 0 |
_aKF889 _b.B28 2003 |
| 082 | 0 | 0 |
_a346.7307 _221 |
| 100 | 1 | _aBarnes, A. James. | |
| 245 | 1 | 0 |
_aLaw for business / _cA. James Barnes, Terry Morehead Dworkin, Eric L. Richards. |
| 250 | _a8th ed. | ||
| 260 |
_aBoston, Mass. : _bMcGraw-Hill/Irwin, _cc2003. |
||
| 300 |
_axxxiii, 1036 p. : _bcol. ill. ; _c27 cm. + _e1 study guide. |
||
| 500 | _aIncludes index. | ||
| 650 | 0 |
_aCommercial law _zUnited States. |
|
| 650 | 0 |
_aTrade regulation _zUnited States. |
|
| 700 | 1 | _aDworkin, Terry Morehead. | |
| 700 | 1 | _aRichards, Eric L. | |
| 856 | 4 | 2 |
_3Publisher description _uhttp://www.loc.gov/catdir/description/mh024/2002067168.html |
| 856 | 4 | 1 |
_3Table of contents _uhttp://www.loc.gov/catdir/toc/mh023/2002067168.html |
| 942 |
_2lcc _cBK _n0 |
||
| 999 |
_c3403 _d3403 |
||